ALL Google play apps [excluding games] with over 1 million reviews - Statistics

General Stats
  • This quiz has been taken 36 times
    35 since last reset
  • The average score is 38 of 280
Answer Stats
Hint Reviews Answer % Correct
Video editing 4.8m Face app
84%
Social media 144m Instagram
80%
Social media 1.2m Instagram Lite
80%
Video sharing platform 140m YouTube
80%
Search engine 24m Google
76%
Social media 57m Tiktok
76%
Social media 6.7m Tiktok Lite
76%
Messaging 180m Whatsapp
76%
Messaging, Business 11m Whatsapp Business
76%
Shopping 3.4m Amazon
72%
Maps & Navigation 16m Google Maps
72%
Social media 131m Facebook
68%
Social media 24m Facebook Lite
68%
Music 28m Spotify
68%
Social media 20m X (Twitter)
68%
Email 12m Gmail
64%
Movies & TV shows 12m Netflix
64%
Messaging 83m Facebook Messenger
56%
Web browser 41m Google Chrome
52%
Social media 31m Snapchat
52%
Ride sharing 12m Uber
52%
Ride sharing 3.6m Uber - driver
52%
Payments 9.8m Google Pay
48%
Language learning 18m Duolingo
44%
Photos, Photo editing 47m Google Photos
44%
Video meeting 3.8m Zoom
44%
Video editing 7.4m Cap Cut
40%
Movies & TV shows 2.8m Disney
40%
Social media 5.2m Discord
36%
Web Browser 4.6m Firefox
36%
Video meeting 6.6m Microsoft teams
36%
Payments 3.0m PayPal
36%
Social media 2.9m Reddit
36%
Shopping 6.0m SheIn
36%
Shopping 1.5m Temu
36%
Dating 6.3m Tinder
36%
Food delivery 5.2m Uber eats
36%
Documents 1.6m Google docs
32%
Social media 9.4m Pinterest
32%
Social media, messaging 12m Telegram
32%
Music 4.8m YouTube Music
32%
Ebooks 2.9m Amazon kindle
28%
Shopping 4.3m eBay
28%
Calendar 2.3m Google calendar
28%
Personal files storage 9.5m Google Drive
28%
Translation 8.3m Google Translate
28%
Social media, business 2.6m LinkedIn
28%
Restaurant 1.5m McDonald's
28%
Restaurant 1.3m McDonald's offers and delivery
28%
Slide presentations 2.4m Microsoft PowerPoint
28%
Notes 6.1m Samsung Notes
28%
Games streaming 4.9m Twitch
28%
Shopping 3.7m Walmart
28%
PDF editor 5.4m Adobe
24%
Shopping - China 2.3m Alibaba
24%
Online Shopping 13m AliExpress
24%
Audio books 1.4m Audible
24%
Religious books 5.5m Bible offline
24%
Document storage 2.1m Dropbox
24%
Document management 1.0m Google sheets
24%
Religious books 2.2m King James Bible
24%
Email 8.7m Outlook
24%
Religious books 5.9m YouVersion Bible
24%
House and vacation rentals 1.4m Airbnb
20%
Music 2.8m Amazon music
20%
Movies & TV Shows 3.7m Amazon prime video
20%
Banking 1.7m Chase Bank
20%
Food delivery 3.9m Doordash
20%
Shopping 1.3m Etsy
20%
File manager 7.3m Files by Google
20%
Video meeting 10m | 2.0m Google Meet
20%
Web Browser 4.1m Opera Browser
20%
Web Browser 8.3m Opera Mini
20%
Music 3.2m Pandora
20%
Music 9.0m Shazam
20%
Video meeting 10m Skype
20%
Banking 2.1m Wells Fargo
20%
Weather 2.3m AccuWeather
16%
Assistance 3.1m Amazon Alexa
16%
Photo editing 13m Canva
16%
Document creation 8.8m Microsoft Word
16%
Messaging 2.3m Signal private messenger
16%
Weather 2.7m The weather channel
16%
Social media 3.5m Tumblr
16%
Maps & Navigation 8.4m Waze
16%
Finance 2.7m Cash app
12%
Search engine 1.8m Duckduckgo
12%
Phone Keyboard 13m Gboard
12%
Books 2.1m Google Play books
12%
Finance 1.4m Google Wallet
12%
Video editing 2.2m Lightroom
12%
Social media - Japan 13m LINE
12%
Document creation 4.7m Microsoft Excel
12%
File management 4.6m Microsoft OneDrive
12%
Phone 23m Phone by Google
12%
Books, stories 4.4m Wattpad
12%
Video games 1.7m Xbox
12%
Email 6.7m Yahoo Mail
12%
Videos, kids 2.1m YouTube kids
12%
Video creator 1.8m YouTube studio
12%
Banking 1.0m Bank of America
8%
Emojis 3.4m Bitmoji
8%
Taxi - Europe (primarily) 5.1m Bolt taxi
8%
Banking 1.4m Capital One
8%
Banking 1.0m Citi Bank Mobile
8%
Shopping - India 47m Flipkart
8%
Maps 2.6m Google Earth
8%
Notes 1.4m Google Keep
8%
Taxi, food delivery 12m Grab
8%
Lifestyle 1.8m Life360
8%
Anti virus 1.5m Norton 360
8%
Files sharing 17m SHAREit
8%
Shopping 4.3m Shopee
8%
Shopping 1.7m Shopee biggest campaign
8%
Shopping - SE Asia 12m Shopee big sale
8%
Shopping 1 .6m Shopee live
8%
Shopping 2.9m Shopee PH
8%
Music 6.3m Sound cloud
8%
TV streaming 2.0m The Roku app
8%
Travel 1.3m TripAdvisor
8%
Movies & TV shows 1.5m Tubi
8%
Messaging 5.9m WeChat
8%
Tools 3.4m Android accessibility
4%
Auto assistant 3.8m Android Auto
4%
Web browser 8.3m Android web view
4%
Anti virus 6.6m Avast Anti virus
4%
Cryptocurrency 1.4m Binance
4%
Travel 3.7m Booking.com
4%
Web browser 1.5m Brave Web Browser
4%
Video streaming 1.7m Crunchyroll
4%
Payments - Indonesia 4.7m Dana Indonesia
4%
Music 3.0m Deezer Music
4%
Notes 1.6m Evernote
4%
Parental control 2.4m Google family link
4%
News 1.6m Google News
4%
Survey's 3.2m Google opinion rewards
4%
Movies & TV shows - India 12m Hotstar
4%
Jobs 5.2m Indeed Job Search
4%
Video editing 5.3m KineMaster
4%
Shopping - SE Asia 24m Lazada
4%
Social media 11m Likee
4%
Messaging 11m Massages by Google
4%
Business 3.3m Meta business suite
4%
Phone keyboard 3.8m Microsoft Swiftkey keyboard
4%
Music 1.3m | 1.4m | 1.7m Music player
4%
Music 1.1m Music player audify player
4%
Music 1.9m Music player & MP3 player
4%
Health 2.5m MyFitnessPal
4%
App launcher 1.2m Nova launcher
4%
Shopping 1.1m OfferUp
4%
Payments - India 18m Paytm
4%
Mathematic 2.9m Photomath
4%
Photo editing 1.9m Photoshop Express
4%
Video editing 1.5m Power director
4%
Messaging 15m Rakuten Viber messenger
4%
Email 2.2m Samsung email
4%
Web Browser 5.4m Samsung Web Browser
4%
Photo editing 1.6m Snapseed
4%
Call assistance 19m Truecaller
4%
Video editing 18m Video Editor
4%
Video editing 5.6m Video Editor and Maker
4%
Video editing 1.0m Video editor video effects
4%
Video editing 2.5m Video maker
4%
Shopping 1.2m Vinted
4%
Video editing 1.2m VivaCut
4%
Video editing 12m Viva video
4%
Video editing 1.2m VSCO
4%
Weather 1.7m Weather bug
4%
Shopping 13m Wish
4%
PDF & documents 4.6m Wps office
4%
Wallpapers & ringtones 13m Zedge
4%
Property listings 1.0m Zillow
4%
Weather 1.0m 1weather
0%
Telecomm - India 7.0m Airtel Thanks
0%
Alarm and 1.5m Alarmy
0%
Music 3.9m Audio Mack
0%
Anti virus 7.3m AVG Anti virus
0%
Video editing 7.1m B612 Editor
0%
Dating 6.1m Badoo dating
0%
Social media, live stream 5.5m Bigo Live
0%
Video meeting 1.0m Botim
0%
Education 3.0m Brainly
0%
Finance & Banking - Brazil 5.2m Caixa tem
0%
Caller assistance 1.3m Call app
0%
PDF scanner 4.4m Cam scanner
0%
Device management 1.4m Carrier services
0%
Phone cleaner 2.3m Ccleaner - phone cleaner
0%
Video editing 2.8m Collage maker
0%
Notes 3.5m Colornote
0%
Sports - India 2.1m Cricbuzz
0%
News - India 2.3m Daily Hunt
0%
Restaurant's 1.9m Domino's pizza
0%
File management 1.3m File manager
0%
News 1.3m Flipboard
0%
Social media 2.9m Gencontact
0%
App launcher 7.1m Go launcher
0%
Contacts 1.2m Google contacts
0%
Device finder 1.1m Google find my device
0%
House control 2.1m Google home
0%
Search assistant 2.0m Google lens
0%
Games 12m Google Play Games
0%
TV Streaming 2.2m Google TV
0%
Music 2.2m GuitarTuna
0%
Dating 1.6m Happn
0%
Health & fitness 3.8m Home workout
0%
Art 2.0m Ibis paint x
0%
Ride sharing 6.2m Indrive
0%
Finance 2.6m Intuit credit carma
0%
Messaging - South Korea 3.0m Kakoo talk
0%
Anti virus 3.7m Kaspersky
0%
Messaging 2.0m Kik
0%
Health & fitness 1.7m Lose weight app for men
0%
Email (Russia) 2.6m Mail.ru
0%
Shopping - Latin America 17m Marcedo libre
0%
Finance & Banking - Philippines 1.2m Maya all in one
0%
Shopping - India 3.6m Meesho
0%
Video meeting 1.5m Meet me
0%
Language learning 1.4m Memrise
0%
Authentication 1.4m Microsoft authenticator
0%
App launcher 1.5m Microsoft launcher
0%
Documents and files 3.5m Microsoft office 365
0%
Music 2.4m Mi music
0%
Social media - India 1.7m Moj
0%
Transportation 1.3m Moovit
0%
Video sharing platform - India 11m MX player
0%
Telecomm 1.0m My Verizon
0%
Finance 2.8m NuBank
0%
PDF reader 1.2m Office suite
0%
Phone cleaner 2.4m Phone master
0%
Payments - India 10m PhonePe UPI
0%
Photography 4.5m Phot Lab picture editor
0%
Photo editing 1.5m Photo Room AI
0%
Photo editing 11m Piscart Al
0%
Dating 1.6m Plenty of fish
0%
Radio 2.4m Pocket FM
0%
Video editing 3.8m Polish Photo editor
0%
Tools 2.3m QR & barcode scanner
0%
Video editing 3.0m Remini AI editor
0%
Tools 1.3m Samsung push service
0%
Finance 1.1m Samsung Wallet
0%
Tools 6.3m Screen recorder
0%
Secure Internet 1.6m Secure VPN
0%
Messaging 3.7m Share chat
0%
Shopping - India 8.9m Shopsy
0%
Photo editing 1.3m Show AI profile
0%
Health & fitness 2.0m Six pack in 30 days
0%
Home manager 1.0m Smart things
0%
Typing assistance 3.4m Speach service by Google
0%
Internet tools 1.2m Speed test by ookla
0%
Music 3.4m StarMaker
0%
Health & fitness 1.3m Step counter and pedometer
0%
Health & fitness 2.0m SweatCoin
0%
Live stream, social media 4.1m Tango
0%
Dating - Asia 1.3m Tantan
0%
Messaging 1.2m Text now
0%
Social media 1.0m Ticktock wallpaper
0%
Shopping - Turkey 1.7m Trendyol
0%
Cryptocurrency 1.7m Trust
0%
Radio 2.3m Tuneln radio
0%
Secure Internet 7.8m Turbo VPN
0%
Dictionary 1.2m U dictionary
0%
Video editing 1.2m Video maker music
0%
Social media - Russia 8.2m VK
0%
Media player 1.6m VLC for Android
0%
Video editing 2.4m Vn
0%
Weather 1.1m Weather by Xiaomi
0%
Weather 1.7m Weather & radar
0%
Passwords manager 2.2m WiFi password map
0%
Music - India 5.6m Wynk Music
0%
File Sharing 3.6m Xender
0%
App launcher 1.0m XOS launcher
0%
Weather 1.3m Yahoo weather
0%
Video editing 3.8m Yocam makeup
0%
Video editing 1.9m Yocam perfect
0%
Video editing 6.6m You cut
0%
Social media - Vietnam 2.0m Zalo
0%
Music 1.1m Zing MP3
0%
No matching quizzes found
Score Distribution
Percent of People with Each Score
Percentile by Number Answered
Your Score History
You have not taken this quiz since the last reset